| 000 | 03318cam a2200937 a 4500 | ||
|---|---|---|---|
| 999 | _c55859 | ||
| 001 | 10146708 | ||
| 003 | LIBRIS | ||
| 005 | 20210209125640.0 | ||
| 008 | 060427s2006 sw |||| |00| 0 swe | ||
| 020 | _a9171306110 | ||
| 035 | _a(Bo)387556 | ||
| 035 | _a(Mo)b1619097 | ||
| 040 |
_aLGEN _dNB |
||
| 082 | 0 | 4 |
_a641.59 _222 (machine generated) |
| 084 |
_aQcabd-i _2kssb/7 |
||
| 084 | _aMåltidsakademiens biblioteksstiftelse | ||
| 084 | _aMåltidslitteratur 2006 | ||
| 084 | _aKategori: Etniska kokböcker | ||
| 084 |
_aQcabd-i _2kssb/8 |
||
| 084 |
_aNiz Lazio _2kssb/8 |
||
| 084 |
_aNiz Umbrien _2kssb/8 |
||
| 084 |
_aNiz Toscana _2kssb/8 |
||
| 084 |
_aNi.08 _2kssb/8 |
||
| 100 | 1 |
_aHagström, Bo, _d1948- _0317979 |
|
| 245 | 1 | 0 |
_aSolens mat : _ben matreseguide till Italien / _cBo Hagström ; foto: Per Anders Rudelius |
| 260 |
_aMalmö : _bDamm, _c2006 _e(Danmark) |
||
| 300 |
_a220, [2] s. : _bfärgill. ; _c24 cm |
||
| 541 | _5Gma | ||
| 541 | _5Og | ||
| 546 | _asvenska | ||
| 561 | _5E | ||
| 650 | 7 |
_aMat och dryck _zItalien _2sao |
|
| 650 | 7 |
_aItaliensk matlagning _2sao _0335817 |
|
| 650 | 0 | _aCooking, Italian | |
| 651 | 4 |
_aItalien _zLazio _xmatkultur _vresehandböcker |
|
| 651 | 4 |
_aItalien _zUmbrien _xmatkultur _vresehandböcker |
|
| 651 | 4 |
_aItalien _zToscana _xmatkultur _vresehandböcker |
|
| 653 | _aReselitt | ||
| 655 | 7 |
_aGuideböcker _2saogf _0353451 |
|
| 655 | 4 |
_5Mo _aBok |
|
| 700 | 1 |
_aRudelius, Per Anders _4pht |
|
| 942 |
_2z _cBOOK |
||